000 00384nam a2200133Ia 4500
008 240624s9999 xx 000 0 und d
041 _aeng
082 _a658.4012 HBS
100 _aHARVARD BUSINESS SCHOOL PRESS
245 _aHARVARD BUSINESS REVIEW ON CORPORATE STR
260 _c1999
_aBoston
_bHarvard Business School Press
300 _av, : 260 : p. : cm. ; 21
365 _cRS
_b30
999 _c14255
_d14255